Planeamiento del proceso de enseñanza-aprendizaje /

Guardado en:
Autor Principal: Avolio De Cols, Susana
Formato: Libro
Publicado: Buenos Aires : Marymar, 1976
Materias:
Etiquetas: Agregar Etiqueta
Sin Etiquetas, Sea el primero en etiquetar este registro!
LEADER 00847nam a22002295a 4500
001 CEM.cems006901
005 20060214000000.0
008 130507s1976##################000#0#####d
003 CEMS
082 0 4 |a 371 
100 1 |a Avolio De Cols, Susana 
245 1 0 |a Planeamiento del proceso de enseñanza-aprendizaje / 
260 |a Buenos Aires :  |b Marymar,  |c 1976 
300 |a 232 p. 
505 0 |a El planeamiento educativo.- Objetivos.- Condiciónes para el aprendizaje de los distintos tipos de objetivos.- Planeamiento anual.- Planemiento de unidades.- 
653 |a Aprendizaje 
653 |a Aprendizaje-planeamiento 
653 |a Educacion 
653 |a Enseñanza-aprendizaje 
653 |a Planeamiento educativo 
859 |a CEMS  |b BIB. CEMS - 11 de abril  |h 371  |i Av73-2  |p 11245.82  |t Ej.1 
859 |a CEMS  |b BIB. CEMS - 11 de abril  |h 371  |i Av73-2  |p 15842.90  |t Ej.2